Claude Monet : 1840 - 1926 ; Paris, Galeries Nationales, 22 septembre 2010 - 24 janvier 2011
Gespeichert in:
| Mitwirkende: | |
|---|---|
| Dokumenttyp: | Buch |
| Sprache: | French |
| Veröffentlicht: |
Paris
: RMN, Réunion des Musées Nationaux [u.a.]
, 2010
|
| Schlagwörter: | |
| Online Zugang: | Inhaltsverzeichnis Inhaltsverzeichnis |
| Bibliogr. Hinweis: | Rezensiert in:
Claude Monet, 1840-1926 |
| Verantwortlich: | [organisée par la Réunion des Musées Nationaux ... Commissariat Guy Cogeval ...] |
| LEADER | 03993cam a2200817 c 4500 | ||
|---|---|---|---|
| 001 | 636127478 | ||
| 003 | DE-627 | ||
| 005 | 20260616221409.0 | ||
| 007 | tu | ||
| 008 | 101006s2010 fr ||||| c 00| ||fre c | ||
| 010 | |a 2010480658 | ||
| 020 | |a 9782711856879 |q (Réunion des Musées Nationaux) |9 978-2-7118-5687-9 | ||
| 020 | |a 9782354330460 |9 978-2-35433-046-0 | ||
| 020 | |a 2711856879 |9 2-7118-5687-9 | ||
| 020 | |a 2354330464 |9 2-35433-046-4 | ||
| 020 | |z 9782354330460 |q (Musée d'Orsay) | ||
| 020 | |z 9782711856163 |q (Éd. hors commerce) | ||
| 024 | 3 | |a 9782711856879 | |
| 035 | |a (DE-627)636127478 | ||
| 035 | |a (DE-603)22809643X | ||
| 035 | |a (DE-576)331443619 | ||
| 035 | |a (DE-599)GBV636127478 | ||
| 035 | |a (OCoLC)846027517 | ||
| 035 | |a (OCoLC)1078766207 | ||
| 035 | |a (OCoLC)725192873 | ||
| 040 | |a DE-627 |b ger |c DE-627 |e rakwb | ||
| 041 | |a fre | ||
| 044 | |c XA-FR | ||
| 050 | 0 | |a ND553.M7 | |
| 082 | 0 | |a 750 |q BSZ | |
| 082 | 0 | |a 759 | |
| 084 | |a 9,10 |2 ssgn | ||
| 084 | |a LI 60700 |2 rvk |0 (DE-625)rvk/96673: | ||
| 084 | |a LH 47000 |2 rvk |0 (DE-625)rvk/93643: | ||
| 084 | |a 20.31 |2 bkl | ||
| 084 | |a 21.02 |2 bkl | ||
| 245 | 0 | 0 | |a Claude Monet |b 1840 - 1926 ; Paris, Galeries Nationales, 22 septembre 2010 - 24 janvier 2011 |c [organisée par la Réunion des Musées Nationaux ... Commissariat Guy Cogeval ...] |
| 264 | 1 | |a Paris |b RMN, Réunion des Musées Nationaux [u.a.] |c 2010 | |
| 300 | |a 384 S. |b zahlr. Ill. |c 29 cm | ||
| 336 | |a Text |b txt |2 rdacontent | ||
| 336 | |a unbewegtes Bild |b sti |2 rdacontent | ||
| 337 | |a ohne Hilfsmittel zu benutzen |b n |2 rdamedia | ||
| 338 | |a Band |b nc |2 rdacarrier | ||
| 583 | 1 | |a Archivierung/Langzeitarchivierung gewährleistet |f SSG |x XA-DE-BW |2 pdager |5 DE-16 | |
| 583 | 1 | |a Archivierung/Langzeitarchivierung gewährleistet |f SLG |z Frankreichforschung |2 pdager |5 DE-77 | |
| 600 | 1 | 0 | |a Monet, Claude |d 1840-1926 |v Exhibitions |
| 600 | 1 | 7 | |0 (DE-588)11858345X |0 (DE-627)145380149 |0 (DE-576)162274440 |a Monet, Claude |d 1840-1926 |2 gnd |
| 655 | 7 | |a Ausstellungskatalog |y 2010 |z Paris |0 (DE-588)4135467-9 |0 (DE-627)10566491X |0 (DE-576)209660988 |2 gnd-content | |
| 689 | 0 | 0 | |d p |0 (DE-588)11858345X |0 (DE-627)145380149 |0 (DE-576)162274440 |a Monet, Claude |d 1840-1926 |2 gnd |
| 689 | 0 | 1 | |d s |0 (DE-588)4037220-0 |0 (DE-627)10623871X |0 (DE-576)209022892 |a Malerei |2 gnd |
| 689 | 0 | |5 (DE-627) | |
| 700 | 1 | |a Cogeval, Guy |d 1955- |0 (DE-588)188370102 |0 (DE-627)699299594 |0 (DE-576)164648933 |4 oth | |
| 700 | 1 | |a Monet, Claude |d 1840-1926 |e Ill. |0 (DE-588)11858345X |0 (DE-627)145380149 |0 (DE-576)162274440 |4 ill | |
| 700 | 1 | |a Bovet, Henri |e Hrsg. |0 (DE-627)1249446775 |0 (DE-576)179446770 |4 edt | |
| 710 | 2 | |a Réunion des Musées Nationaux |0 (DE-588)1009181-6 |0 (DE-627)103143351 |0 (DE-576)191181927 |4 oth | |
| 710 | 2 | |a Galeries Nationales d'Exposition du Grand Palais |0 (DE-588)1044052-5 |0 (DE-627)100016022 |0 (DE-576)191399442 |4 oth | |
| 787 | 0 | 8 | |i Rezensiert in |a Hornstein, Katie |t Claude Monet, 1840-1926 |d 2011 |w (DE-627)1761738240 |
| 856 | 4 | 2 | |u https://swbplus.bsz-bw.de/bsz331443619inh.htm |m B:DE-576;DE-16 |q application/pdf |v 20101125205637 |x Verlag |3 Inhaltsverzeichnis |7 1 |
| 856 | 4 | 2 | |u http://scans.hebis.de/HEBCGI/show.pl?22809643_toc.pdf |m V:DE-605;X:Imageware |q application/pdf |3 Inhaltsverzeichnis |7 1 |
| 935 | |a MZFRA | ||
| 935 | |i Blocktest | ||
| 936 | r | v | |a LI 60700 |b Monet, Claude |k Kunstgeschichte |k Künstler-Monografien |k Alphabetische Künstlerliste |k Künstler M |k Monet, Claude |0 (DE-627)1270641042 |0 (DE-625)rvk/96673: |0 (DE-576)200641042 |
| 936 | r | v | |a LH 47000 |b Paris |k Kunstgeschichte |k Allgemeines. Allgemeine Kunstgeschichte |k Ausstellungswesen, Ausstellungskataloge |k Ausstellungskataloge |k Orte P |k Paris |0 (DE-627)1270672339 |0 (DE-625)rvk/93643: |0 (DE-576)200672339 |
| 936 | b | k | |a 20.31 |j Bildende Künstler |0 (DE-627)181571080 |
| 936 | b | k | |a 21.02 |j Geschichte der Malerei |0 (DE-627)106406698 |
| 936 | s | n | |a l300 |2 mzub |
| 951 | |a BO | ||
| 990 | |a Monet, Claude | ||
| 990 | |a Malerei | ||
| 991 | |a Rezensiertes Werk | ||
| 999 | |a KXP-PPN636127478 |e 4635353494 | ||


